| 000 | 01032nam a2200301 i 4500 | ||
|---|---|---|---|
| 001 | 000034490 | ||
| 003 | DO-SdBNP | ||
| 005 | 20260305074000.0 | ||
| 007 | ta | ||
| 008 | 111005s1991 dr 000 0 spa d | ||
| 040 |
_aDO-SdBNP _bspa _cBNPHU _erda |
||
| 082 |
_a730.3 _bG377e _222 |
||
| 100 | 1 |
_aGerón, Candido, _d1948- _93577 |
|
| 245 | 1 | 0 |
_aEnciclopedia de las artes plásticas dominicanas : _b1844-1990) / _cCándido Gerón. |
| 246 | _aEncyclopedia of dominican plastic arts | ||
| 264 |
_aSanto Domingo : _bAlfa y Omega, _c1991 |
||
| 300 |
_a383 paginas. : _bilustraciones., retratoss. ; _c30 cm. |
||
| 336 |
_2rdacontent _atexto _btxt |
||
| 337 |
_2rdamedia _asin mediación _bn |
||
| 338 |
_2rdacarrier _avolumen _bnc |
||
| 504 | _aBibliografía: p. 333-334 | ||
| 590 | _aInventariado, 2023 / DG | ||
| 650 | 4 |
_aArte _xEnciclopedias y diccionarios _943778 |
|
| 650 | 4 |
_aPinturas dominicanas _xEnciclopedias y diccionarios _943779 |
|
| 650 | 4 |
_aArtistas dominicanos _xBiografías _933342 |
|
| 910 | _aDG | ||
| 942 |
_2ddc _cLBS1 |
||
| 999 |
_c54568 _d54568 |
||